00459nam a2200169Ia 450000500170000000800410001702000140005804000190007204100120009108200110010324500830011426000260019730000120022365000230023570000210025885000100027920230714110934.0131103s9999 xx 000 0 und d a330434608 aLoreto College aEnglish aFbAHM aWalking a tightropeb New writing from Asian Britain cEdited by Rehana Ahmed aLondonbPicadorc2004 a249 p.  aFiction in English aAhmed,Rehana;ed. aLCLIB